| 000 | 00516nam a2200193Ia 4500 | ||
|---|---|---|---|
| 003 | OSt | ||
| 005 | 20251103162141.0 | ||
| 008 | 210210b1982 xxu||||| |||| 00| 0 eng d | ||
| 040 | _cAL | ||
| 041 | _aKannada | ||
| 082 | _aK894.3 PADM | ||
| 100 |
_aPADMA GURURAJ. _dಪದ್ಮಾ ಗುರುರಾಜ್ _9243630 |
||
| 245 |
_aMaitri. _bಮೈತ್ರಿ. |
||
| 260 |
_aBengaluru _bPriya Prakashana _c1982 |
||
| 300 | _aiv,134 | ||
| 690 |
_aKannada Fiction _9243631 |
||
| 906 | _aSG02903 | ||
| 942 |
_2ddc _cBK |
||
| 999 |
_c114005 _d114005 |
||